MARC details
| 000 -CABECERA |
| campo de control de longitud fija |
01084nam a2200241 a 4500 |
| 001 - NÚMERO DE CONTROL |
| campo de control |
000041261 |
| 005 - FECHA Y HORA DE LA ÚLTIMA TRANSACCIÓN |
| campo de control |
20201002034732.0 |
| 008 - DATOS DE LONGITUD FIJA--INFORMACIÓN GENERAL |
| campo de control de longitud fija |
130927s2001 sp 000 0 spa d |
| 020 ## - NÚMERO INTERNACIONAL ESTÁNDAR DEL LIBRO |
| Número Internacional Estándar del Libro |
8400063007 |
| 040 ## - FUENTE DE LA CATALOGACIÓN |
| Centro catalogador/agencia de origen |
DO-SdBNP |
| Lengua de catalogación |
spa |
| Centro/agencia transcriptor |
BNPHU |
| 100 1# - ENTRADA PRINCIPAL--NOMBRE DE PERSONA |
| Nombre de persona |
Cabello Balboa, Miguel |
| 9 (RLIN) |
67867 |
| 245 10 - MENCIÓN DE TÍTULO |
| Título |
Descripción de la provincia de Esmeraldas / |
| Mención de responsabilidad, etc. |
edición Miguel Cabello Balboa ; introducción y no tas de José Alcina Franch. |
| 260 ## - PUBLICACIÓN, DISTRIBUCIÓN, ETC. |
| Lugar de publicación, distribución, etc. |
Madrid : |
| Nombre del editor, distribuidor, etc. |
Instituto de Historia, Departamento de Historia de América : |
| -- |
Consejo Superior de Investigaciones Científicas, |
| Fecha de publicación, distribución, etc. |
2001.1. |
| 300 ## - DESCRIPCIÓN FÍSICA |
| Extensión |
133 p. ; |
| Dimensiones |
24 cm. |
| 490 1# - MENCIÓN DE SERIE |
| Mención de serie |
Tierra nueva e cielo nuevo |
| Designación de volumen o secuencia |
30 |
| 504 ## - NOTA DE BIBLIOGRAFÍA, ETC. |
| Nota de bibliografía, etc. |
Incluye referencias bibliográficas y notas al pie de las páginas |
| 504 ## - NOTA DE BIBLIOGRAFÍA, ETC. |
| Nota de bibliografía, etc. |
Bibliografía : p. [131]-133 |
| 700 1# - PUNTO DE ACCESO ADICIONAL--NOMBRE DE PERSONA |
| Nombre de persona |
Alcina Franch, Jose, |
| Término indicativo de función/relación |
ed. |
| 9 (RLIN) |
67868 |
| 700 1# - PUNTO DE ACCESO ADICIONAL--NOMBRE DE PERSONA |
| Nombre de persona |
Alcina Franch, José |
| Fechas asociadas al nombre |
1922-2001 |
| Término indicativo de función/relación |
ed. |
| 9 (RLIN) |
67869 |
| 710 2# - PUNTO DE ACCESO ADICIONAL--NOMBRE DE ENTIDAD CORPORATIVA |
| Nombre de entidad corporativa o nombre de jurisdicción como elemento de entrada |
Consejo Superior de Investigaciones Científicas |
| 9 (RLIN) |
4786 |
| 710 2# - PUNTO DE ACCESO ADICIONAL--NOMBRE DE ENTIDAD CORPORATIVA |
| Nombre de entidad corporativa o nombre de jurisdicción como elemento de entrada |
Instituto de Historia, Departamento de Historia de América |
| 9 (RLIN) |
67870 |
| 830 #0 - PUNTO DE ACCESO ADICIONAL DE SERIE-TÍTULO UNIFORME |
| Título uniforme |
Tierra nueva e cielo nuevo |
| Designación de volumen o secuencia |
30 |
| 9 (RLIN) |
15388 |